Govt. of
Madhya Pradesh

Prophets And Prediction (Record no. 35782)

MARC details
000 -LEADER
fixed length control field 002910000a22001330004500
003 - CONTROL NUMBER IDENTIFIER
control field MACL
040 ## - CATALOGING SOURCE
Original cataloging agency MACL
090 ## - LOCALLY ASSIGNED LC-TYPE CALL NUMBER (OCLC); LOCAL CALL NUMBER (RLIN)
-- 36171
-- 36169
100 ## - MAIN ENTRY--PERSONAL NAME
Personal name Lewinsohn , Richard
245 ## - TITLE STATEMENT
Title Prophets And Prediction
260 ## - PUBLICATION, DISTRIBUTION, ETC. (IMPRINT)
Name of publisher, distributor, etc. Secker & Warburg
Date of publication, distribution, etc. 1958
650 ## - SUBJECT ADDED ENTRY--TOPICAL TERM
Topical term or geographic name as entry element History
942 ## - ADDED ENTRY ELEMENTS (KOHA)
Koha item type Library Membar
Call number prefix 900/Lew
Holdings
Withdrawn status Lost status Source of classification or shelving scheme Damaged status Not for loan Home library Current library Date acquired Full call number Barcode Date last seen Uniform Resource Identifier Price effective from Koha item type
          MACL MACL   900/Lew BOOK CLE014591 29/04/2015 35990 15/04/2015 Books